<?xml version="1.0" encoding="UTF-8"?>
<collection xmlns="http://www.loc.gov/MARC21/slim">
 <record>
  <leader>02519nam a22003137a 4500</leader>
  <controlfield tag="001">NCT_43894</controlfield>
  <controlfield tag="008">180706b        xxu||||| |||| 00| 0 vie d</controlfield>
  <datafield tag="999" ind1=" " ind2=" ">
   <subfield code="c">2105</subfield>
   <subfield code="d">2105</subfield>
  </datafield>
  <datafield tag="020" ind1=" " ind2=" ">
   <subfield code="c">92000</subfield>
  </datafield>
  <datafield tag="082" ind1="0" ind2="4">
   <subfield code="2">23rd ed.</subfield>
   <subfield code="a">658.3</subfield>
   <subfield code="b">D107</subfield>
  </datafield>
  <datafield tag="100" ind1="1" ind2=" ">
   <subfield code="a">Bùi Văn Danh</subfield>
  </datafield>
  <datafield tag="245" ind1="1" ind2="0">
   <subfield code="a">Quản trị nguồn nhân lực=</subfield>
   <subfield code="b">Human resource management : Dùng cho sinh viên đại học, cao học Khối quản trị kinh doanh - kinh tế và các nhà quản trị</subfield>
   <subfield code="c">Bùi Văn Danh, Nguyễn Văn Dung, Lê Quang Khôi</subfield>
  </datafield>
  <datafield tag="260" ind1=" " ind2=" ">
   <subfield code="a">Tp. Hồ Chí Minh</subfield>
   <subfield code="b">Phương Đông</subfield>
   <subfield code="c">2011</subfield>
  </datafield>
  <datafield tag="300" ind1=" " ind2=" ">
   <subfield code="a">342 tr.</subfield>
   <subfield code="b">minh họa</subfield>
   <subfield code="c">24cm</subfield>
  </datafield>
  <datafield tag="520" ind1="3" ind2=" ">
   <subfield code="a">Sách giới thiệu với Sinh vn\iên Đại học, Sau Đại học, MBA, Các Giảng viên nội dung then chốt trong Quản trị Nguồn nhân lực Hiện đại.</subfield>
  </datafield>
  <datafield tag="653" ind1=" " ind2=" ">
   <subfield code="a">Quản trị kinh doanh</subfield>
  </datafield>
  <datafield tag="700" ind1="1" ind2=" ">
   <subfield code="a">Nguyễn Văn Dung</subfield>
  </datafield>
  <datafield tag="700" ind1="1" ind2=" ">
   <subfield code="a">Lê Quang Khôi</subfield>
  </datafield>
  <datafield tag="942" ind1=" " ind2=" ">
   <subfield code="2">ddc</subfield>
   <subfield code="c">BK</subfield>
  </datafield>
  <datafield tag="952" ind1=" " ind2=" ">
   <subfield code="0">0</subfield>
   <subfield code="1">0</subfield>
   <subfield code="2">ddc</subfield>
   <subfield code="4">0</subfield>
   <subfield code="6">658_300000000000000_D107</subfield>
   <subfield code="7">0</subfield>
   <subfield code="9">11947</subfield>
   <subfield code="a">000001</subfield>
   <subfield code="b">000001</subfield>
   <subfield code="d">2018-07-06</subfield>
   <subfield code="l">2</subfield>
   <subfield code="o">658.3 D107</subfield>
   <subfield code="p">MD.06801</subfield>
   <subfield code="r">2019-04-11</subfield>
   <subfield code="s">2019-04-10</subfield>
   <subfield code="v">92000.00</subfield>
   <subfield code="w">2018-07-06</subfield>
   <subfield code="y">BK</subfield>
  </datafield>
  <datafield tag="952" ind1=" " ind2=" ">
   <subfield code="0">0</subfield>
   <subfield code="1">0</subfield>
   <subfield code="2">ddc</subfield>
   <subfield code="4">0</subfield>
   <subfield code="6">658_300000000000000_D107</subfield>
   <subfield code="7">0</subfield>
   <subfield code="9">11948</subfield>
   <subfield code="a">000001</subfield>
   <subfield code="b">000001</subfield>
   <subfield code="d">2018-07-06</subfield>
   <subfield code="l">2</subfield>
   <subfield code="m">1</subfield>
   <subfield code="o">658.3 D107</subfield>
   <subfield code="p">MD.06802</subfield>
   <subfield code="r">2020-06-12</subfield>
   <subfield code="s">2020-03-21</subfield>
   <subfield code="v">92000.00</subfield>
   <subfield code="w">2018-07-06</subfield>
   <subfield code="y">BK</subfield>
  </datafield>
  <datafield tag="952" ind1=" " ind2=" ">
   <subfield code="0">0</subfield>
   <subfield code="1">0</subfield>
   <subfield code="2">ddc</subfield>
   <subfield code="4">0</subfield>
   <subfield code="6">658_300000000000000_D107</subfield>
   <subfield code="7">0</subfield>
   <subfield code="9">11949</subfield>
   <subfield code="a">000001</subfield>
   <subfield code="b">000001</subfield>
   <subfield code="d">2018-07-06</subfield>
   <subfield code="l">2</subfield>
   <subfield code="o">658.3 D107</subfield>
   <subfield code="p">MD.06803</subfield>
   <subfield code="r">2019-04-11</subfield>
   <subfield code="s">2019-03-29</subfield>
   <subfield code="v">92000.00</subfield>
   <subfield code="w">2018-07-06</subfield>
   <subfield code="y">BK</subfield>
  </datafield>
  <datafield tag="952" ind1=" " ind2=" ">
   <subfield code="0">0</subfield>
   <subfield code="1">0</subfield>
   <subfield code="2">ddc</subfield>
   <subfield code="4">0</subfield>
   <subfield code="6">658_300000000000000_D107</subfield>
   <subfield code="7">0</subfield>
   <subfield code="9">11950</subfield>
   <subfield code="a">000001</subfield>
   <subfield code="b">000001</subfield>
   <subfield code="d">2018-07-06</subfield>
   <subfield code="l">2</subfield>
   <subfield code="o">658.3 D107</subfield>
   <subfield code="p">MD.06804</subfield>
   <subfield code="r">2019-04-11</subfield>
   <subfield code="s">2019-03-29</subfield>
   <subfield code="v">92000.00</subfield>
   <subfield code="w">2018-07-06</subfield>
   <subfield code="y">BK</subfield>
  </datafield>
  <datafield tag="952" ind1=" " ind2=" ">
   <subfield code="0">0</subfield>
   <subfield code="1">0</subfield>
   <subfield code="2">ddc</subfield>
   <subfield code="4">0</subfield>
   <subfield code="6">658_300000000000000_D107</subfield>
   <subfield code="7">0</subfield>
   <subfield code="9">11951</subfield>
   <subfield code="a">000001</subfield>
   <subfield code="b">000001</subfield>
   <subfield code="d">2018-07-06</subfield>
   <subfield code="l">3</subfield>
   <subfield code="o">658.3 D107</subfield>
   <subfield code="p">MD.06805</subfield>
   <subfield code="r">2021-02-23</subfield>
   <subfield code="s">2021-01-27</subfield>
   <subfield code="v">92000.00</subfield>
   <subfield code="w">2018-07-06</subfield>
   <subfield code="y">BK</subfield>
  </datafield>
  <datafield tag="952" ind1=" " ind2=" ">
   <subfield code="0">0</subfield>
   <subfield code="1">0</subfield>
   <subfield code="2">ddc</subfield>
   <subfield code="4">0</subfield>
   <subfield code="6">658_300000000000000_D107</subfield>
   <subfield code="7">0</subfield>
   <subfield code="9">11952</subfield>
   <subfield code="a">000001</subfield>
   <subfield code="b">000001</subfield>
   <subfield code="d">2018-07-06</subfield>
   <subfield code="l">3</subfield>
   <subfield code="o">658.3 D107</subfield>
   <subfield code="p">MD.06806</subfield>
   <subfield code="r">2020-03-27</subfield>
   <subfield code="s">2020-03-17</subfield>
   <subfield code="v">92000.00</subfield>
   <subfield code="w">2018-07-06</subfield>
   <subfield code="y">BK</subfield>
  </datafield>
  <datafield tag="952" ind1=" " ind2=" ">
   <subfield code="0">0</subfield>
   <subfield code="1">0</subfield>
   <subfield code="2">ddc</subfield>
   <subfield code="4">0</subfield>
   <subfield code="6">658_300000000000000_D107</subfield>
   <subfield code="7">0</subfield>
   <subfield code="9">11953</subfield>
   <subfield code="a">000001</subfield>
   <subfield code="b">000001</subfield>
   <subfield code="d">2018-07-06</subfield>
   <subfield code="l">2</subfield>
   <subfield code="o">658.3 D107</subfield>
   <subfield code="p">MD.06807</subfield>
   <subfield code="r">2021-01-19</subfield>
   <subfield code="s">2021-01-06</subfield>
   <subfield code="v">92000.00</subfield>
   <subfield code="w">2018-07-06</subfield>
   <subfield code="y">BK</subfield>
  </datafield>
  <datafield tag="952" ind1=" " ind2=" ">
   <subfield code="0">0</subfield>
   <subfield code="1">0</subfield>
   <subfield code="2">ddc</subfield>
   <subfield code="4">0</subfield>
   <subfield code="6">658_300000000000000_D107</subfield>
   <subfield code="7">0</subfield>
   <subfield code="9">11954</subfield>
   <subfield code="a">000001</subfield>
   <subfield code="b">000001</subfield>
   <subfield code="d">2018-07-06</subfield>
   <subfield code="l">3</subfield>
   <subfield code="m">1</subfield>
   <subfield code="o">658.3 D107</subfield>
   <subfield code="p">MD.06808</subfield>
   <subfield code="r">2019-04-11</subfield>
   <subfield code="s">2019-03-25</subfield>
   <subfield code="v">92000.00</subfield>
   <subfield code="w">2018-07-06</subfield>
   <subfield code="y">BK</subfield>
  </datafield>
  <datafield tag="952" ind1=" " ind2=" ">
   <subfield code="0">0</subfield>
   <subfield code="1">0</subfield>
   <subfield code="2">ddc</subfield>
   <subfield code="4">0</subfield>
   <subfield code="6">658_300000000000000_D107</subfield>
   <subfield code="7">0</subfield>
   <subfield code="9">11955</subfield>
   <subfield code="a">000001</subfield>
   <subfield code="b">000001</subfield>
   <subfield code="d">2018-07-06</subfield>
   <subfield code="o">658.3 D107</subfield>
   <subfield code="p">MD.06809</subfield>
   <subfield code="r">2018-07-06</subfield>
   <subfield code="v">92000.00</subfield>
   <subfield code="w">2018-07-06</subfield>
   <subfield code="y">BK</subfield>
  </datafield>
  <datafield tag="980" ind1=" " ind2=" ">
   <subfield code="a">Thư viện Trường Đại học Nam Cần Thơ</subfield>
  </datafield>
 </record>
</collection>
